La Política cultural en el municipio : el respeto a los derechos de propiedad intelectual el respeto a los derechos de propiedad intelectual
ISBN:
84-8048-454-3
Publicado:
Madrid :
Sociedad General de Autores y Editores, Federación Española de Municipios y Provincias (FEMP) ,
2002
Descripción Física:
526 p. ; 28 cm
MARC
| LEADER | 00000nam a2200000Ia 4500 | ||
|---|---|---|---|
| 001 | 21697 | ||
| 008 | 160829s2002 xx 000 0 cat d | ||
| 020 | |a 84-8048-454-3 | ||
| 080 | |a M-6-221 | ||
| 245 | |a La Política cultural en el municipio : |b el respeto a los derechos de propiedad intelectual | ||
| 260 | |a Madrid : |b Sociedad General de Autores y Editores, Federación Española de Municipios y Provincias (FEMP), |c 2002 | ||
| 300 | |a 526 p. ; |c 28 cm | ||
| 650 | |a Propietat intel·lectual |x Espanya |9 46033 | ||
| 651 | 0 | |a Espanya |x Política cultural |9 55183 | |
| 710 | |9 15759 |a Federación Española de Municipios y Províncias | ||
| 710 | 2 | |a Sociedad General de Autores y Editores (Espanya) |9 56459 | |
| 901 | |a Arxiu | ||
| 942 | |n 1 |2 udc | ||
| 952 | |0 0 |1 0 |4 0 |6 M6221 |7 1 |9 52941 |a Arxiu |b Arxiu |d 2016-12-01 |l 0 |o M-6-221 |p 21697 |r 2016-12-01 00:00:00 |w 2016-12-01 |y ARXIU | ||
| 999 | |c 56790 |d 56790 | ||